Top 30 polski w średniej 3x3 - Statystyki

Ogólne statystyki
  • Ten quiz został rozwiązany 105 razy
  • Średni wynik to 15 z 30
Statystyki odpowiedzi
Wynik Osoba % Poprawnych
5.08 Kolasiński
100%
6.79 Rzewuski
93%
7.02 Burliga
89%
7.14 Pabisz
80%
7.05 Pleskowicz
79%
7.54 Chodyniecki
78%
7.44 Zakrzewski
72%
7.11 Owczarek
66%
7.57 Rejdych
66%
8.45 Tokarski
64%
8.24 Krasowski
59%
7.25 Kuźmiński
59%
7.94 Kipa
56%
7.12 Opach
56%
7.68 Zych
56%
7.48 Kaleta
54%
7.72 Musiał
53%
7.84 Czapiewski
51%
8.06 Kłosko
44%
7.52 Malinowski
36%
7.75 Ośmiałowski
31%
7.39 Zawieja
29%
8.00 Kędziorski
28%
8.41 Szulik
25%
8.21 Kwasigroch
18%
8.24 Karpiński
14%
7.99 Weremczuk
12%
8.14 Dłubała
11%
7.99 Zubowicz
9%
8.36 Marszałek
4%
Nie znaleziono quizów pasujących do podanych kryteriów
Rozkład punktacji
Procent ludzi z każdym wynikiem
Percentyl według liczby udzielonych odpowiedzi
Twoja historia wyników
Nie rozwiązałeś tego quizu